000 00849nas a2200265 4500
001 BR0304978
003 BR-BrBNA
005 20231205104107.0
007 ta
008 230509b bl.|||p| |||| 00| 00por d
040 _aBR-BrBNA
_bpor
_cBiblioteca Nacional de Agricultura
041 _a(Pt)
072 _aK50
100 1 _aIwakiri, S.
100 1 _aMendes, L.M.
100 1 _aSaldanha, L.K.
245 1 _aProdução de chapas de partículas orientadas "OSB" de Eucalyptus grandis com diferentes teores de resina, parafina e composição em camadas
650 _aEUCALIPTO
650 _aRESINA
650 _aCHAPA DE PARTÍCULAS
650 _aPRODUÇÃO FLORESTAL
773 0 _tCiência Florestal (Brazil)
_xISSN 0103-9954
_g(Jun 2003), v. 13(1) p. 89-94
_wBR0304978
909 _a202311
_bLúcia
_c55
_dLúcia Elande
942 _2AGRIS
_n0
_cANA
999 _c176319
_d176319